00904nam a2200313 b 4500001000900000003000900009005001700018007000900035008002900044015000600073016001300079017000900092020001800101035000600119040002500125041001100150080000600161082002700167100003000194245008200224260004000306300002100346490002800367500004900395534004400444650002700488651004200515700003300557 022191 DO-SdBNP20230926101839.0 022191 070619s2011 sp||| ||spa  a 7 a 2BPMSU a b  a9788466318150 a  aBPMSUbspacBPMSUe 1 aspah  0a  4a813.4 bB922p 20112221 aBuck, Pearl S.d1892-197310aPabellón de mujeres /h cPearl S. Buck ; traducción, Isabel Murillo Fort aMadrid : bPunto de Lectura, c2011 a527 p. : c22 cm0 aPunto de lecturav187/1 a"Grandes novelas de todos los tiempos"--Cub. aTítulo original : tPavilion of women 4aNovela estadounidense  4aChina xVida social y costrumbres v 1 aMurillo Fort, Isabel etr.